The beermat entrepreneur : (Record no. 600)

MARC details
000 -LEADER
fixed length control field 00555nam a22001937a 4500
005 - DATE AND TIME OF LATEST TRANSACTION
control field 20250420134817.0
008 - FIXED-LENGTH DATA ELEMENTS--GENERAL INFORMATION
fixed length control field 200812b ||||| |||| 00| 0 eng d
020 ## - INTERNATIONAL STANDARD BOOK NUMBER
International Standard Book Number 9780273659297
040 ## - CATALOGING SOURCE
Transcribing agency KCST
082 ## - DEWEY DECIMAL CLASSIFICATION NUMBER
Classification number 658.11
Item number So Be
100 ## - MAIN ENTRY--PERSONAL NAME
Personal name Southon, Mike
9 (RLIN) 5048
245 ## - TITLE STATEMENT
Title The beermat entrepreneur :
Remainder of title turn your good idea into a great business /
Statement of responsibility, etc. Mike Southon; Christopher West
260 ## - PUBLICATION, DISTRIBUTION, ETC.
Place of publication, distribution, etc. London :
Name of publisher, distributor, etc. Prentice Hall,
Date of publication, distribution, etc. 2002.
300 ## - PHYSICAL DESCRIPTION
Extent 148 p.
650 ## - SUBJECT ADDED ENTRY--TOPICAL TERM
Topical term or geographic name entry element Entrepreneurship.
9 (RLIN) 574
700 ## - ADDED ENTRY--PERSONAL NAME
Personal name West, Chris
9 (RLIN) 5049
942 ## - ADDED ENTRY ELEMENTS (KOHA)
Koha item type Book
942 ## - ADDED ENTRY ELEMENTS (KOHA)
Source of classification or shelving scheme Dewey Decimal Classification
Holdings
Withdrawn status Lost status Source of classification or shelving scheme Damaged status Not for loan Home library Current library Date acquired Source of acquisition Cost, normal purchase price Total checkouts Full call number Barcode Date last seen Price effective from Koha item type
    Dewey Decimal Classification     KCST Library KCST Library 12/08/2020 Unknown 0.00   658.11 So Be 1000000471 12/08/2020 12/08/2020 Book
© 2025 KCST. All rights reserved